Datum a čas kvízu
39
Celkem bodů
Celkový počet nahraných bodů na tomto kvízu bez doplňovacích otázek.
3.
Pořadí na kvízu
Konečné umístění týmu na tomto kvízu.
Zaznamenané odpovědi
| # | Otázka | Odpověď | Body | Výsledky |
|---|---|---|---|---|
| 1. | Premiér Fiala ve čtvrtek podep... | o Vatikán | 1 | |
| 2. | Minulý týden se konal mítink D... | Barack Obama, Eminem | 1 | |
| 3. | Kapela Lucie ve čtvrtek oznámi... | Viktor Dyk, Štěpán Smetáček | 0.5 | |
| 4. | Minulý týden jsme se dozvěděli... | C) Alan Turing | 1 | |
| 5. | Český hokejový brankář Vítek V... | Vanacek | 0 | |
| 6. | Vzhledem ke končící bohaté hou... | třeň, pochva | 1 | |
| 7. | Uveďte rodové jméno tohoto ptá... | brhlík | 1 | |
| 8. | Při nocování v lese jste už mo... | liška | 1 | |
| 9. | Jak se u jelenovitých označuje... | vytloukání | 0 | |
| 10. | Na jaře se řada lidí vydává do... | konvalinka; ocún | 1 |